PROJECT MANAGEMENT (Record no. 10566)
[ view plain ]
| 000 -LEADER | |
|---|---|
| fixed length control field | 00856nam a22001697a 4500 |
| 003 - CONTROL NUMBER IDENTIFIER | |
| control field | SGT |
| 020 ## - INTERNATIONAL STANDARD BOOK NUMBER | |
| International Standard Book Number | 9788177580365 |
| 082 ## - DEWEY DECIMAL CLASSIFICATION NUMBER | |
| Classification number | 658.404 MAY |
| 100 ## - MAIN ENTRY--PERSONAL NAME | |
| Personal name | MAYLOR,HARVEY |
| 245 ## - TITLE STATEMENT | |
| Title | PROJECT MANAGEMENT |
| 250 ## - EDITION STATEMENT | |
| Edition statement | 3RD |
| 260 ## - PUBLICATION, DISTRIBUTION, ETC. (IMPRINT) | |
| Place of publication, distribution, etc | NEW DELHI |
| Name of publisher, distributor, etc | PEARSON |
| Year of Publication | 2006 |
| 300 ## - PAGE DESCRIPTION | |
| No. of Pages | 411 |
| 650 ## - SUBJECT ADDED ENTRY--TOPICAL TERM | |
| Topical term or geographic name as entry element | PROJECT MANAGEMENT |
| 653 ## - KEYWORDS--INDEX TERM | |
| Keyword term | Introduction Structures and frameworks DEFINE THE PROJECT Strategy and project management Project definition DESIGN THE PROJECT PROCESS Time planning Critical chain project management Cost and quality planning Plan analysis and risk management DELIVER THE PROJECT (DO IT!) Project organisation: structures and teams Management and leadership in project environments Control of projects Supply chain issues Problem-solving and decision-making Project completion and review Improving project performance |
| 942 ## - ADDED ENTRY ELEMENTS (KOHA) | |
| Source of classification or shelving scheme | Dewey Decimal Classification |
| Koha item type | FCM Books |
| 942 ## - ADDED ENTRY ELEMENTS (KOHA) | |
| -- | 1 |
| Withdrawn status | Lost status | Source of classification or shelving scheme | Damaged status | Not for loan | Collection code | Home library | Current library | Shelving location | Date acquired | Vendor Name | Cost, normal purchase price | SGTU | Bill Number | Total Checkouts | Full call number | Accession No. (Barcode) | Date last seen | Date last borrowed | Bill Date | Koha item type |
|---|---|---|---|---|---|---|---|---|---|---|---|---|---|---|---|---|---|---|---|---|
| Dewey Decimal Classification | COMMERCE MANAGEMENT | SGT Science & Social Sciences Library | SGT Science & Social Sciences Library | On Display | 21/01/2017 | INDIAN PUBLISHERS & DISTRIBUTORS | 699.00 | SGTU | 117 | 6 | 658.404 MAY | CM3307 | 02/06/2023 | 02/06/2023 | 20/12/2016 | FCM Books | ||||
| Dewey Decimal Classification | Not For Loan | COMMERCE MANAGEMENT | SGT Science & Social Sciences Library | SGT Science & Social Sciences Library | Reference Book | 21/01/2017 | INDIAN PUBLISHERS & DISTRIBUTORS | 699.00 | SGTU | 117 | 658.404 MAY | CM3308 | 21/01/2017 | 20/12/2016 | FCM Books |